LEADER 00587nam 2200169z- 450 001 9910693735403321 035 $a(CKB)4970000000037256 035 $a(EXLCZ)994970000000037256 100 $a20240129c2002uuuu -u- - 101 0 $aeng 200 10$aIntercity passenger rail : Congress faces critical decisions in developing a national policy 210 $aWashington, D.C 517 $aIntercity Passenger Rail 906 $aDOCUMENT 912 $a9910693735403321 996 $aIntercity passenger rail : Congress faces critical decisions in developing a national policy$93874624 997 $aUNINA